LEADER 01244nam1 2200361 450 001 990002093450203316 005 20041019175021.0 035 $a000209345 035 $aUSA01000209345 035 $a(ALEPH)000209345USA01 035 $a000209345 100 $a20041019g1922----km-y0itay0103----ba 101 0 $aita 102 $aIT 105 $a||||||||001yy 200 1 $aCampagna di Libia$fMinistero della guerra, Stato maggiore del regio esercito, Ufficio storico 210 $aRoma$cStabilimento poligrafico per l'amministrazione della guerra$d1922- 215 $av.$d25 cm 410 0$12001 454 1$12001 461 1$1001-------$12001 463 \1$1001990002093470203316$12001 $a<<1.>>: Parte generale$eoperazioni in Tripolitania dall'inizio della campagna alla occupazione di Punta Tagiura (ottobre-dicembre 1911) 606 0 $aItalia$xPolitica coloniale$yLibia$z1911-1912 676 $a325.34509612 710 02$aItalia :$bStato maggiore del regio esercito : Ufficio storico$0567518 801 0$aIT$bsalbc$gISBD 912 $a990002093450203316 951 $aISP II$bE.C.$cISP II 959 $aBK 969 $aECO 979 $aSIAV4$b10$c20041019$lUSA01$h1750 996 $aCampagna di Libia$91037597 997 $aUNISA LEADER 01057nam--2200373---450- 001 990003583060203316 005 20111103131559.0 035 $a000358306 035 $aUSA01000358306 035 $a(ALEPH)000358306USA01 035 $a000358306 100 $a20111027d--------km-y0itay50------ba 101 0 $afre 102 $aFR 105 $ay|||||||001yy 200 1 $a<>avare$aTartuffe$a<> mèdicine malgrè lui 210 $aParis$cLibrairie Gründ$d[s.d.] 215 $a249 p.$d18 cm 225 2 $aBibliothèque prècieuse 410 0$12001$aBibliothèque prècieuse 676 $a842.4 700 1$aMOLIÈRE$0389055 801 0$aIT$bsalbc$gISBD 912 $a990003583060203316 951 $aXV.2.A. 597$b1416 F.C.$cXV.2.A. 959 $aBK 969 $aCUOMO 979 $aDIONIGI$b90$c20111027$lUSA01$h1227 979 $aCHIARA$b90$c20111103$lUSA01$h1259 979 $aCHIARA$b90$c20111103$lUSA01$h1315 996 $aTartuffe$9535488 996 $aMèdicine malgrè lui$91115902 996 $aAvare$948830 997 $aUNISA